Un trapense grita Dí `Fiat` y reharás tu mundo / (Record no. 125889)

MARC details
000 -LEADER
campo de control de longitud fija 00689nam a2200193 4500
001 - NÚMERO DE CONTROL
campo de control 125889
003 - IDENTIFICADOR DE NÚMERO DE CONTROL
campo de control ES-MaACL
005 - FECHA Y HORA DE LA ÚLTIMA TRANSACCIÓN
campo de control 20250913154000.0
007 - CAMPO FIJO DE DESCRIPCIÓN FÍSICA--INFORMACIÓN GENERAL
campo de control de longitud fija t|
008 - DATOS DE LONGITUD FIJA--INFORMACIÓN GENERAL
campo de control de longitud fija 070214s1960 sp r ||||1| spa d
100 1# - ENTRADA PRINCIPAL--NOMBRE DE PERSONA
Nombre de persona Raymond
Títulos y otros términos asociados al nombre Father (O.C.S.O.)
9 (RLIN) 95636
245 13 - MENCIÓN DEL TÍTULO
Título Un trapense grita Dí `Fiat` y reharás tu mundo /
Mención de responsabilidad, etc. Rev. M. Raymond, O.C.S.O. ; traducción y adaptación de la 8ª edición norteamericana por Felipe Ximénez de Sandoval.
250 ## - MENCION DE EDICION
Mención de edición 3ª. ed. española.
260 ## - PUBLICACIÓN, DISTRIBUCIÓN, ETC.
Lugar de publicación, distribución, etc. Madrid :
Nombre del editor, distribuidor, etc. Studium,
Fecha de publicación, distribución, etc. 1960.
300 ## - DESCRIPCIÓN FÍSICA
Extensión 77 p. ;
Dimensiones 17 cm.
700 1# - ENTRADA AGREGADA--NOMBRE PERSONAL
Nombre de persona Ximénez de Sandoval, Felipe,
Fechas asociadas al nombre 1903-1978
9 (RLIN) 117510
852 ## - LOCALIZACIÓN
Ubicación ES-MaACL
Número de control de estantería G-13706
Sublocalización o colección R.47409
Holdings
Estatus retirado Estado de pérdida Estado de daño No para préstamo Biblioteca de origen Biblioteca actual Ubicación en estantería Fecha de adquisición Fuente de adquisición Total de préstamos Signatura topográfica completa Código de barras Visto por última vez Precio de reemplazo Tipo de ítem Koha
        Biblioteca del Ateneo de Madrid Biblioteca del Ateneo de Madrid Sala Pecera Planta 3 17/01/2008     G-13706 1131135 23/02/2023 23/02/2023 Libro impreso